Formación de una conciencia interamericana
Guardat en:
| Autor principal: | |
|---|---|
| Format: | Llibre |
| Idioma: | espanyol |
| Publicat: |
Ciudad de México
Libreros Mexicanos Unidos
1965
|
| Col·lecció: | Mundo de Hoy
|
| Matèries: | |
| Etiquetes: |
Afegir etiqueta
Sense etiquetes, Sigues el primer a etiquetar aquest registre!
|
MARC
| LEADER | 00000nam a2200000 a 4500 | ||
|---|---|---|---|
| 001 | UCT8650 | ||
| 003 | CL-VaPUC | ||
| 008 | 970326e19650000MX |||||||||||||||||spa|d | ||
| 082 | 0 | 4 | |a 327.1 |b BER |2 21 |
| 100 | 0 | |a Bernstein, Harry |e author |9 380518 | |
| 245 | 1 | 0 | |a Formación de una conciencia interamericana |
| 300 | |a 333 p | ||
| 942 | |c BK | ||
| 945 | |d 19970326 00:00:00 |a paguirre | ||
| 260 | |a Ciudad de México |b Libreros Mexicanos Unidos |c 1965 | ||
| 650 | 0 | |a Integración regional |9 376371 | |
| 650 | 0 | |a Cooperación internacional |9 255447 | |
| 650 | 0 | |a Cultura |9 269059 | |
| 650 | 0 | |a Integración Cultural |9 338434 | |
| 651 | 0 | |a América |9 255182 | |
| 583 | |a last modification |c 19970326 00:00:00 |k Rodrigo Vera | ||
| 490 | 0 | |a Mundo de Hoy | |
| 999 | |c 257137 |d 257135 | ||
| 952 | |0 0 |1 0 |4 0 |6 327_100000000000000_BER_1965 |7 0 |8 A |9 280395 |a BIBDER |b BIBDER |d 2019-11-19 |i 1815040 |o 327.1 BER 1965 |p 1815040 |r 2023-01-25 |w 2019-11-19 |y BK |k DER | ||
| 952 | |0 0 |1 0 |4 0 |6 327_100000000000000_BER_1965 |7 0 |8 A |9 280396 |a BIBHIS |b BIBHIS |d 2019-11-19 |i 1348132 |o 327.1 BER 1965 |p 1348132 |r 2025-01-20 |w 2019-11-19 |y BK |k HIS | ||